000 00355nam a2200121Ia 4500
008 220217s9999||||xx |||||||||||||| ||und||
082 _a621.382 2
100 _aEtter, Deloser, M and others
_97594
245 0 _aIntroduction to MATLAB7
260 _aPearson education
_bNew Delhi
_c2005
300 _aXIX,283p.
_b385
650 _aSIGNAL PROCESSING
_9719
999 _c181281
_d181281